000
00296cam a22001097a 4500
008
180718b1950 xxu||||| |||| 00| 0 eng d
082
_a
ET109x42 R812
245
_a
Royal economic society: list of fellows
260
_a
London
_b
Richad Clay and Company
_c
1950
300
_a
156p.
650
_a
Economic
999
_c
431463
_d
431463